Statistiche per Bandiere dell'Europa del XIX secolo

Clicka qui per fare il quiz!

Statistiche generali

  • Questo quiz è stato fatto 12 volte
  • Il punteggio medio è 15 su 26

Statistiche sulle risposte

Risposta% Corretto
Regno d'Italia
100%
Francia
91%
Impero Ottomano
91%
Regno Unito
91%
Regno Unito di Svezia e norvegia
91%
Spagna
91%
Austria-Ungheria
82%
Impero Tedesco
82%
Paesi Bassi
82%
Principato di Bulgaria
82%
Svizzera
82%
Principato di Serbia
73%
Regno del Portogallo
73%
Grecia
55%
Repubblica Romana
55%
Regno di Prussia
45%
Granducato di Toscana
27%
Impero Russo
27%
Regno delle Due Sicilie
27%
Regno di Baviera
27%
Regno di Sardegna
27%
Ducato di Varsavia
18%
Regno di Hannover
18%
Regno di Sassonia
18%
Regno di Wurttemberg
18%
Confederazione del Reno
9%

Distribuzione punteggi

Percentile per numero di risposta

Percentuale di utenti per punteggio

I tuoi punteggi nel tempo

Non hai fatto questo quiz